[Event "6th Vardaris Open 2020"]
[Site "Thessaloniki"]
[Date "2020.03.01"]
[Round "6.12"]
[White "Vetokhin, Ilia"]
[Black "Kouskoutis, Georgios-Alexandros"]
[Result "1-0"]
[WhiteElo "2112"]
[BlackElo "2288"]
[Annotator "TA"]
[PlyCount "109"]
[EventDate "2020.02.27"]
[EventType "swiss"]
[EventCountry "GRE"]
[SourceTitle "playchess.com"]
[Source "ChessBase"]
[SourceQuality "1"]

{[%evp 28,109,0,-7,4,-8,6,-54,-52,-47,-52,-71,-59,-67,-25,-25,-29,-27,-18,-23,-18,-13,-20,-75,-76,-84,-63,-69,-14,-14,-12,-36,-31,-71,-60,-72,-75,-72,-69,-62,-31,-91,0,0,0,-32,-37,-36,-35,-35,-33,-37,-37,-37,-32,-30,-39,-55,0,0,375,375,362,286,391,384,503,363,1185,389,547,538,562,412,4598,538,29984,29976,29986,29987,29986,405,1110,570]} 1. d4 Nf6 2. c4 e6 3. g3 c5 4. d5 exd5 5. cxd5 d6 6. Bg2 g6 7. Nf3 Bg7 8. Nc3 O-O 9. O-O a6 10. a4 Re8 11. Nd2 Nbd7 12. Nc4 Ne5 13. Nxe5 Rxe5 14. Bf4 Re8 15. Qc2 Rb8 {was the old line (15...Ng4). A64: Modern Benoni: Fianchetto Variation: 9...Nbd7 10 Nd2 a6 11 a4 Re8.} 16. Rab1 Qc7 {[#]} 17. e4 $146 (17. Qd2 $11) ({Predecessor:} 17. Rfc1 Nh5 18. Bd2 Bg4 19. e3 Qd7 20. b4 cxb4 21. Rxb4 Bh3 22. Bxh3 Qxh3 23. Ne4 {1-0 (44) Arkell,K (2470)-Quillan,G (2325) Isle of Man 1994}) 17... b5 $15 {Black is slightly better.} 18. b3 $1 Nh5 19. Bc1 f5 20. Bb2 fxe4 21. Nxe4 Bf5 22. f3 Bxb2 23. Rxb2 Qg7 24. axb5 axb5 25. Qd2 (25. Ra2 $1 $11) 25... Bxe4 $17 26. fxe4 Nf6 27. Rf4 c4 (27... h6 $15) 28. bxc4 $11 bxc4 29. Rxb8 Rxb8 30. e5 dxe5 31. Rxc4 Qa7+ 32. Qf2 Qa1+ 33. Bf1 $1 Nxd5 (33... Rf8 $5 {[%cal Rf6d5]} 34. Qe2 Nxd5 $17) 34. Re4 (34. Qc5 $15 Nf6 35. Rc3) 34... Rf8 (34... Kg7 $17 35. Re1 Qd4) 35. Qe1 $1 {[%cal Re1a1]} Qa7+ 36. Kg2 (36. Kh1 $5 {[%cal Rf1c4]} Nf6 37. Rxe5 $11) 36... Qb7 {...Nf6 is the strong threat.} 37. Kg1 Qb6+ 38. Kg2 {Hoping for Bc4.} Qc6 {aiming for ...Nf6.} 39. Kg1 Qc5+ 40. Kh1 Ne7 41. Bg2 Nc6 42. Re3 Rf6 (42... Qd6 $1 $15) 43. Rc3 Qb4 $2 {[%mdl 8192]} (43... Qb5 $11 {and Black stays safe.}) 44. Bd5+ $18 Kg7 45. Bxc6 Qd4 {intending ...Rxc6.} 46. Bg2 Rf2 47. Rc7+ Kf6 $2 (47... Rf7) 48. Rc1 $2 (48. Qc1 {Black must now prevent h4.} Qb2 49. Qh6 $1 {[%mdl 512]}) 48... Kg7 (48... Qd2 {was called for.} 49. Qg1 Qd4) 49. h4 Qb2 50. Qg1 Kh6 (50... Rf7 $142 51. Qe1 Re7) 51. Rf1 (51. Rc7 $142 {Threatens to win with g4.} Qd4 {[#]} 52. g4 $1 {[%mdl 512]}) 51... Re2 52. Bf3 Rc2 53. Qe3+ Kg7 54. Re1 (54. Qa7+ $142 Kh6 55. Qe7 Rh2+ 56. Kg1 e4 57. Qf8+ Qg7 58. Qf4+ {[%mdl 64] Double Attack} g5 59. Qd6+ Qg6 60. Qf8+ Qg7 61. hxg5+ Kg6 62. Bxe4+ Kh5 63. Qxg7) 54... Rf2 (54... Qc3 $142 55. Qxe5+ Qxe5 56. Rxe5 Kf6) 55. Kg1 {Accuracy: White = 64%, Black = 49%.} 1-0

[Event "6th Vardaris Open 2020"]
[Site "Thessaloniki"]
[Date "2020.03.01"]
[Round "6.13"]
[White "Disha, Beshim"]
[Black "Krallis, Christos"]
[Result "0-1"]
[WhiteElo "2073"]
[BlackElo "2276"]
[Annotator "TA"]
[PlyCount "58"]
[EventDate "2020.02.27"]
[EventType "swiss"]
[EventCountry "GRE"]
[SourceTitle "playchess.com"]
[Source "ChessBase"]
[SourceQuality "1"]

{[%evp 9,58,0,0,7,0,0,15,-1,0,-1,58,35,37,-14,-20,-25,72,67,155,162,172,170,245,244,229,170,160,154,152,160,204,125,105,-141,-147,-135,-123,-232,-230,-231,-135,-134,-147,-154,-67,-82,-33,-100,-89,-525,-536]} 1. c4 e5 2. g3 Nf6 3. Bg2 c6 4. d4 e4 5. d5 Bb4+ 6. Bd2 {A20: English Opening: 1...e5.} Qe7 7. Nc3 O-O 8. e3 {The position is equal.} Na6 9. Nge2 {[#]} Nc7 $146 (9... cxd5 $11 10. cxd5 d6) ({Predecessor:} 9... d6 10. dxc6 bxc6 11. O-O Re8 12. Qa4 Rb8 13. a3 Nc5 14. Qc2 Bxc3 15. Bxc3 Bg4 {½-½ (49) Xiong,J (2708)-Sevian,S (2654) Douglas 2019}) 10. Qb3 b5 11. dxc6 (11. cxb5 $14 Ncxd5 12. O-O) 11... bxc4 $11 12. Qa4 Ne6 (12... a5 $1 $11) 13. O-O $1 $36 {[%mdl 2048] White is more active.} ({Much worse is} 13. Nxe4 $6 Bxd2+ 14. Nxd2 Nc5 $15) 13... d5 (13... Rb8 $14) 14. Nxe4 $1 Bxd2 15. Nxd2 Ng5 (15... a5 $142 16. Nf3 Ra6) 16. Nf4 $18 Rb8 17. Qc2 ({Resist} 17. Nxd5 $6 Nxd5 18. Bxd5 Rxb2 $16) 17... Qe5 18. Qc3 Qxc3 19. bxc3 Rb2 20. Nf3 Nge4 {With the idea ...g5.} 21. Rac1 $2 (21. Nd4 $16 {and life is bright.}) 21... g5 $17 22. Nxg5 Nxg5 23. Nxd5 (23. h4 $17 Nge4 24. Nxd5 {[%mdl 64] Remove Defender}) 23... Nxd5 $19 24. Bxd5 Rd8 ({Black should play} 24... Be6 $19 25. Bxe6 Nxe6) 25. Rcd1 $17 Bg4 26. f3 {[#]} Bc8 (26... Bh3 $1 $17 27. c7 Rg2+ 28. Kh1 Rc8) 27. h4 $1 $15 {[%cal Rh4g5]} Nh3+ 28. Kh1 {[#] aiming for Bxf7+!} Kf8 $1 {And now ...Nf2+ would win.} 29. e4 $2 {[%mdl 8192]} (29. Rd4 $17 {is a better chance.}) 29... Nf2+ {Accuracy: White = 60%, Black = 51%.} 0-1

[Event "6th Vardaris Open 2020"]
[Site "Thessaloniki"]
[Date "2020.03.01"]
[Round "6.14"]
[White "Hadzimanolis, Antonios"]
[Black "Yordanov, Nikolay"]
[Result "1/2-1/2"]
[WhiteElo "2221"]
[BlackElo "2102"]
[Annotator "TA"]
[PlyCount "44"]
[EventDate "2020.02.27"]
[EventType "swiss"]
[EventCountry "GRE"]
[SourceTitle "playchess.com"]
[Source "ChessBase"]
[SourceQuality "1"]

{[%evp 12,44,55,59,55,54,62,55,58,59,62,60,60,63,54,63,62,62,84,57,71,65,74,34,35,33,99,80,93,27,50,61,50,55,98]} 1. e4 d5 2. exd5 Nf6 3. d4 Bg4 4. Bb5+ Nbd7 5. f3 Bf5 6. Nc3 a6 7. Ba4 b5 {B01: Scandinavian Defence.} 8. Bb3 Nb6 {[%cal Rb6d5]} 9. Nge2 Nbxd5 10. Nxd5 Nxd5 11. O-O e6 12. Ng3 Bg6 13. f4 f5 14. Re1 Kf7 15. Qe2 {[%csl Ge1][%cal Re2e6] [#]} Qd7 {[#]} 16. a4 $146 {Threatens to win with axb5.} ({Predecessor:} 16. Bd2 Be7 17. Nh1 Rhe8 18. Nf2 Bf6 19. c3 Kg8 20. Nd3 Bf7 21. g4 fxg4 22. Qxg4 {1-0 (48) Gromotka,H (2367)-Chilson,S (2124) ICCF email 2017}) 16... b4 17. c4 bxc3 18. bxc3 Rb8 (18... Be7 $14) 19. Rb1 {[#] Black must now prevent Bxd5!} Bd6 20. Qf3 ({Better is} 20. Qxa6 $16 c6 21. Qd3) 20... Rxb3 21. Rxb3 Qxa4 22. Rb2 Qc4 {Accuracy: White = 80%, Black = 80%.} 1/2-1/2

[Event "6th Vardaris Open 2020"]
[Site "Thessaloniki"]
[Date "2020.03.01"]
[Round "6.15"]
[White "Papadopoulos, Panayotis"]
[Black "Koutlas, Nikolaos"]
[Result "1-0"]
[WhiteElo "2220"]
[BlackElo "2030"]
[Annotator "TA"]
[PlyCount "65"]
[EventDate "2020.02.27"]
[EventType "swiss"]
[EventCountry "GRE"]
[SourceTitle "playchess.com"]
[Source "ChessBase"]
[SourceQuality "1"]

{[%evp 20,65,65,30,41,19,18,23,29,21,20,21,22,15,46,29,46,65,76,73,154,160,162,164,259,241,233,206,231,251,242,121,204,206,190,191,258,265,264,264,443,438,468,466,558,552,666,643]} 1. Nf3 d5 2. d4 g6 3. Bf4 Bg7 4. e3 Nf6 5. c3 O-O 6. h3 c5 7. Nbd2 cxd4 8. exd4 Nc6 9. Bd3 Bf5 10. Bxf5 gxf5 11. O-O (11. g4 $5) 11... e6 {B13: Caro-Kann: Exchange Variation and Panov-Botvinnik Attack.} 12. Qb3 {[#]} b6 $146 ({Predecessor:} 12... Qd7 13. Ne5 Nxe5 14. Bxe5 Ne4 15. Nxe4 fxe4 16. Bxg7 Kxg7 17. f3 f5 18. Rae1 a6 19. fxe4 fxe4 20. Rxf8 Rxf8 {½-½ (35) Homs,G (2177)-Bobzin,P (2189) Ruhrgebiet 2005}) 13. Qb5 Rc8 {White has an edge.} 14. a4 Nh5 15. Bh2 Bh6 16. Nb3 a5 17. Nc1 Kh8 18. Nd3 Rg8 {Black is on the road to losing.} 19. Kh1 Ne7 (19... Nf6 $142) 20. Nde5 $36 {[%mdl 2048] White has strong initiative.} Qf8 21. Qxb6 f4 (21... Ra8 {was worth a try.} 22. Nd3 Ng6) 22. Qxa5 $18 Qg7 {[%csl Gg8][%cal Rg7g2]} 23. Rg1 Nf5 {intending ...Nhg3+.} 24. Qa7 Rcf8 {[#]} 25. Ng4 (25. Ne1 $1 $18) 25... Nhg3+ (25... Nfg3+ $16 26. fxg3 fxg3) 26. fxg3 fxg3 {Threatens to win with ...Bf4.} 27. Qc7 Rc8 (27... gxh2 $142 28. Qxh2 (28. Kxh2 Rc8 $16) 28... Bg5) 28. Qe5 gxh2 29. Rge1 ({But not} 29. Kxh2 $6 Qxe5+ 30. Nfxe5 Bf4+ 31. g3 Nxg3 $16) 29... f6 $2 {[#]} (29... Rb8 {was necessary.} 30. Ra2 Qxe5 31. Ngxe5 (31. Nfxe5 Bd2 $18) 31... Rb7) 30. Qxf6 {White is clearly winning.} Qxf6 31. Nxf6 Rg6 32. Nh5 Rcg8 33. Ne5 {Accuracy: White = 86%, Black = 54%.} 1-0

[Event "6th Vardaris Open 2020"]
[Site "Thessaloniki"]
[Date "2020.03.01"]
[Round "6.16"]
[White "Stefanou, Dimitrios"]
[Black "Markidis, Konstantinos"]
[Result "1/2-1/2"]
[WhiteElo "1996"]
[BlackElo "2211"]
[Annotator "TA"]
[PlyCount "39"]
[EventDate "2020.02.27"]
[EventType "swiss"]
[EventCountry "GRE"]
[SourceTitle "playchess.com"]
[Source "ChessBase"]
[SourceQuality "1"]

{[%evp 22,24,27,0,27]} 1. d4 Nf6 2. c4 e6 3. Nf3 Bb4+ 4. Nbd2 O-O 5. e3 d5 6. Bd3 b6 7. O-O Bb7 8. a3 Be7 9. b3 Nbd7 10. Bb2 c5 11. Qe2 cxd4 12. exd4 Re8 {[#] A rather calm draw. was the old line (12...Rc8). E11: Bogo-Indian.} {Predecessor:} 13. Rad1 $146 Qc7 14. Ne5 dxc4 15. Ndxc4 b5 16. Nxd7 Qxd7 17. Na5 a6 18. Nxb7 Qxb7 19. Rc1 Rec8 20. g3 {0-1 (51) Neverov,V (2499)-Sjugirov,S (2643) Taganrog 2013} 1/2-1/2

[Event "6th Vardaris Open 2020"]
[Site "Thessaloniki"]
[Date "2020.03.01"]
[Round "6.17"]
[White "Nteligiorgis, Eleftherios"]
[Black "Stoinev, Metodi"]
[Result "1-0"]
[WhiteElo "1944"]
[BlackElo "2206"]
[Annotator "TA"]
[PlyCount "53"]
[EventDate "2020.02.27"]
[EventType "swiss"]
[EventCountry "GRE"]
[SourceTitle "playchess.com"]
[Source "ChessBase"]
[SourceQuality "1"]

{[%evp 18,53,63,55,65,45,58,38,68,0,0,-70,20,-34,42,27,43,21,21,-34,-32,-29,-31,-30,-14,-24,-17,-85,-79,-316,-303,-265,-173,-172,29990,29991,29991,-2637]} 1. e4 e5 2. Nf3 Nc6 3. Bc4 d6 4. d4 exd4 5. Nxd4 g6 6. Nc3 Bg7 7. Be3 Nf6 8. f3 O-O 9. Qd2 Re8 10. O-O-O a6 {C41: Philidor Defence.} 11. h4 Ne5 12. Be2 b5 {[#] White is slightly better.} 13. Nb3 $146 (13. a3 $14) ({Predecessor:} 13. Bh6 Bh8 14. g4 Bb7 15. h5 b4 16. Nd5 Nxd5 17. exd5 Bxd5 18. hxg6 fxg6 19. Nf5 {0-1 (48) Marks,I (2256)-Findlay,D (2172) Dundee 2009}) 13... Be6 $11 14. Bh6 (14. Kb1 $11) 14... Bh8 (14... Bxh6 $15 15. Qxh6 b4) 15. g4 ({White should play} 15. Bg5 $11) 15... Bc4 (15... b4 $1 $15 16. Nd5 a5) 16. Bg5 Qc8 {next ...b4 is good for Black.} 17. h5 b4 18. Nd5 (18. Bxc4 $11 Nxc4 19. Qe2 Nxb2 20. Kxb2) 18... Nxd5 $15 19. exd5 Bxe2 20. Qxe2 Nxg4 21. Qd2 Ne5 22. hxg6 (22. Nd4 $11) 22... fxg6 $17 23. Rxh7 $2 {[#]} (23. Qh2 $17 Qd7 24. Nd4) 23... Kxh7 $19 24. Rh1+ Kg8 25. Rxh8+ Kxh8 $4 {[%mdl 8192] [#]} (25... Kg7 $19 26. Rh1 (26. Rxe8 $2 Qxe8 27. Qd1 Nc4 $19) 26... Nxf3 27. Bh6+ Kg8 28. Qxb4 c5) 26. Bf6+ $1 Kg8 27. Bg5 $4 {[%mdl 40960] Accuracy: White = 36%, Black = 56%. . Loss on time!?} (27. Qh6 {was the only winning move.} Nd3+ 28. cxd3 Re1+ 29. Kc2 Re2+ 30. Nd2 b3+ 31. axb3 Rxd2+ 32. Kxd2 Qd7 33. Qh8+ Kf7 34. Qg7+ Ke8 35. Qg8#) 1-0

[Event "6th Vardaris Open 2020"]
[Site "Thessaloniki"]
[Date "2020.03.01"]
[Round "6.18"]
[White "Dritsas, Stavros Nikolaos"]
[Black "Chatzieleftheriou, Andreas"]
[Result "1/2-1/2"]
[WhiteElo "1754"]
[BlackElo "2167"]
[Annotator "TA"]
[PlyCount "113"]
[EventDate "2020.02.27"]
[EventType "swiss"]
[EventCountry "GRE"]
[SourceTitle "playchess.com"]
[Source "ChessBase"]
[SourceQuality "1"]

{[%evp 15,113,0,8,4,13,15,30,23,23,23,27,16,25,27,31,22,34,13,12,6,10,-2,0,-4,16,6,20,5,7,5,10,-87,-78,-138,-135,-136,-131,-144,-144,-151,-151,-169,-163,-164,-143,-145,-143,-136,-132,-150,-139,-154,-161,-257,-108,-107,-83,-83,-86,-86,-88,-98,-77,-143,-108,-127,-85,-89,-8,-8,-8,-34,0,0,0,0,0,0,0,0,0,0,0,0,0,0,0,0,0,0,0,0,0,0,0,0,0,0,0,0]} 1. e4 c5 2. Nf3 Nf6 3. Nc3 d5 4. Bb5+ Bd7 5. Bxd7+ Qxd7 6. exd5 Nxd5 7. Nxd5 Qxd5 8. d4 Nc6 9. dxc5 {B29: Sicilian: 2 Nf3 Nf6 (Nimzowitsch Variation).} Qxc5 {[#]} 10. c3 $146 ({Predecessor:} 10. O-O e6 11. Be3 Qa5 12. Nd4 Be7 13. Nxc6 bxc6 14. Qf3 Qd5 15. Qxd5 cxd5 16. Rfc1 Bf6 {½-½ (46) Remizov,Y (2315)-Iljiushenok,I (2539) Sochi 2018}) 10... e5 11. O-O {White has an edge.} Be7 12. Qb3 Qb6 13. Be3 Qxb3 14. axb3 O-O 15. Nd2 Rfd8 16. Nc4 f6 17. b4 {[#] b5 is the strong threat.} a6 18. Rfd1 Rxd1+ 19. Rxd1 Kf8 20. Kf1 Ke8 21. Bb6 Rc8 22. Ne3 Nd8 23. f4 (23. Nd5 $11 {keeps the balance.}) 23... exf4 $17 24. Bxd8 (24. Nd5 $142 Ne6 25. Ke2) 24... Rxd8 {[%mdl 4096] Endgame KRB-KRN} ({Much weaker is} 24... Bxd8 $6 25. Nf5 $11) 25. Nd5 Kf7 26. Ke2 g5 27. c4 Bd6 28. h3 h5 29. Rd3 Be5 30. Nxf4 Rc8 31. Nxh5 Rxc4 32. Rd7+ Kg6 33. Ng7 Rxb4 34. Ne6 (34. g4 $142 Rxb2+ 35. Kf3 Rb3+ 36. Ke4 Rb4+ 37. Kf3) 34... Rxb2+ (34... Bxb2 $19 {And now ...Re4+ would win.} 35. Re7 f5) 35. Kf3 {White wants to mate with Nf8+.} Rb3+ 36. Ke4 {Threatening mate with Nf8+.} Rb4+ 37. Kf3 {[#] Intending Nf8+ and mate.} g4+ $1 38. hxg4 {White threatens Nf8+ and mate.} Kh6 39. Nc5 (39. g3 $142) 39... Rf4+ 40. Ke3 Rc4 41. Nxb7 Rc7 (41... Rxg4 $17 42. Nd8 Bh2) 42. Rxc7 $11 Bxc7 {KB-KN} 43. Ke4 Kg6 44. Kd5 {The position is equal.} Bb6 45. Nd6 a5 46. Ne4 Bd8 47. Kc4 Kf7 48. Kb5 Ke6 49. Nc5+ Kd5 50. Nd7 Ke6 51. Nc5+ Kf7 52. Nb7 Bc7 53. Nxa5 Bxa5 54. Kxa5 Kg6 55. Kb5 Kg5 56. Kc5 Kxg4 57. Kd5 {And White is the lucky defender. Accuracy: White = 82%, Black = 85%.} 1/2-1/2

[Event "6th Vardaris Open 2020"]
[Site "Thessaloniki"]
[Date "2020.03.01"]
[Round "6.19"]
[White "Andreev, Stanislav"]
[Black "Opseth, Oliver"]
[Result "1-0"]
[WhiteElo "2144"]
[BlackElo "1894"]
[Annotator "TA"]
[PlyCount "85"]
[EventDate "2020.02.27"]
[EventType "swiss"]
[EventCountry "GRE"]
[SourceTitle "playchess.com"]
[Source "ChessBase"]
[SourceQuality "1"]

{[%evp 13,85,46,93,78,97,88,134,110,165,125,134,59,47,49,103,75,293,188,260,202,232,210,211,166,230,230,231,220,197,118,110,114,135,112,247,235,567,545,481,535,661,567,702,701,640,678,759,604,589,561,632,619,725,725,725,718,1122,697,693,683,711,712,676,665,658,650,650,650,650,643,620,586,793,793]} 1. d4 Nf6 2. c4 g6 3. Nc3 Bg7 4. e4 d6 5. f3 O-O 6. Be3 e5 {6...c5 injects fresh life into this line.} 7. d5 Ne8 8. Qd2 {E87: King's Indian: Sämisch: 6...e5 7 d5.} Na6 9. O-O-O c5 10. g4 {[#] White is clearly better.} f5 $146 (10... Qa5 $16) ({Predecessor:} 10... Bd7 11. Bd3 Rb8 12. h4 Nec7 13. h5 b5 14. hxg6 fxg6 15. Qh2 Kf7 16. Nh3 h6 {0-1 (40) Mittendorfer,J (2113)-Sandner,W (2225) Austria 2008}) 11. gxf5 gxf5 12. Kb1 (12. exf5 $16 Bxf5 13. a3) 12... f4 $14 13. Bf2 Nb4 (13... Nac7 $14) 14. Nge2 b5 $2 (14... Na6 $16) 15. Nxb5 Rb8 (15... Na6 $142 16. Rg1 Kh8) 16. Nc1 Rf7 17. a3 Na6 18. Be1 Rfb7 {[#]} (18... Qb6 {was necessary.} 19. Qf2 Nac7) 19. Nb3 $1 $18 Bd7 20. Na5 Rb6 21. Nc6 (21. Qg2 $18) 21... Bxc6 $16 22. dxc6 {Black must now prevent Qd5+.} Nac7 23. Ka1 a6 (23... Rxc6 $16 24. Nxa7 Ra6) 24. Nxc7 $18 Rxb2 $2 (24... Qxc7 {is a better chance.} 25. Qd5+ Kf8) 25. Qd5+ {[%mdl 64] Zwischenzug. White is clearly winning.} Kh8 26. Nb5 axb5 27. cxb5 Nc7 28. Qxd6 (28. Kxb2 Nxd5 29. Rxd5 Qc7 $16) 28... Qxd6 29. Rxd6 Nxb5 {[#]} 30. Rd8+ $1 {[%mdl 512]} Rxd8 31. Kxb2 Nc7 32. Ba5 Rc8 33. Bh3 Rb8+ 34. Kc1 Nb5 35. c7 Nxc7 36. Bxc7 Rb3 37. Rd1 {Intending Rd8+ and mate.} Bf6 38. Bg4 Rxa3 39. Rd6 Kg7 40. Rd5 Ra2 41. Rxc5 Rxh2 42. Bxe5 h5 43. Bxf6+ {Accuracy: White = 65%, Black = 41%.} 1-0

[Event "6th Vardaris Open 2020"]
[Site "Thessaloniki"]
[Date "2020.03.01"]
[Round "6.20"]
[White "Madebrink, Lars"]
[Black "Leftheriotis, Alexandros"]
[Result "1/2-1/2"]
[WhiteElo "2115"]
[BlackElo "1918"]
[Annotator "TA"]
[PlyCount "111"]
[EventDate "2020.02.27"]
[EventType "swiss"]
[EventCountry "GRE"]
[SourceTitle "playchess.com"]
[Source "ChessBase"]
[SourceQuality "1"]

{[%evp 17,111,22,0,0,18,0,2,0,0,0,0,-7,-9,-36,-14,-24,-12,-79,-36,-43,-42,-106,-58,-48,14,6,0,1,0,-6,-7,0,179,-14,0,-137,-127,-119,-97,-95,-17,-4,-15,-12,0,0,0,-2,0,0,0,0,0,0,0,0,0,0,0,0,0,0,0,0,0,0,0,0,0,0,0,-11,0,-14,0,0,0,0,0,0,0,0,0,0,0,0,0,0,0,0,0,0,0,0,0,0]} 1. Nf3 Nf6 2. c4 g6 3. Nc3 Bg7 4. d4 O-O 5. g3 d6 6. Bg2 Nbd7 7. O-O e5 8. h3 exd4 9. Nxd4 Nb6 10. b3 {E67: King's Indian: Fianchetto: 6...Nbd7.} d5 11. c5 Ne4 12. Nxe4 dxe4 13. Bb2 Nd5 {[#]} 14. e3 $146 ({Predecessor:} 14. c6 Re8 15. Rc1 Nb4 16. cxb7 Bxb7 17. a3 c5 18. Rxc5 Na6 19. Rc2 Qb6 20. e3 {1-0 (39) Dovzik,J (2430)-Biro,D (2198) Hungary 2007}) 14... c6 15. Kh2 Re8 16. Qd2 h5 17. h4 (17. Rfd1 $11 {remains equal.}) 17... g5 18. hxg5 Qxg5 {...h4 is the strong threat.} 19. Ne2 (19. Rh1 $1 $15) 19... Nf6 20. Rh1 h4 (20... Bg4 $15) 21. Kg1 hxg3 22. Nxg3 Bg4 23. Rc1 Rad8 24. Qc2 Nh5 $2 (24... Rd3 $11) 25. Nxh5 $2 ({And not} 25. Nxe4 Rxe4 26. f4 Nxf4 $1 $17 {[%mdl 512]}) (25. Bxg7 $1 $18 Nxg7 26. Nxe4 (26. Bxe4 f5 $16)) 25... Bxh5 26. Kf1 {[#]} (26. Rh3 $1 $11) 26... Bxb2 $1 $17 27. Qxb2 Qxc5 28. Rh3 Qe5 (28... Qf5 $17) 29. Qxe5 $11 {The position is equal.} Rxe5 {[#]} 30. Bxe4 $1 {[%mdl 512]} Rxe4 31. Rxh5 {[%mdl 4096] Endgame KRR-KRR} Rd2 32. Ra5 a6 33. Ke1 Rb2 34. Rd1 Rh4 {[%cal Rh4h1]} 35. Rd2 Rh1+ 36. Ke2 Rhb1 37. Rxb2 Rxb2+ {KR-KR} 38. Kf3 Kg7 39. Kg3 Re2 40. b4 Kf6 41. a3 Ke6 42. Kf3 Rc2 43. e4 Rc3+ 44. Kf4 Rb3 45. Kg4 Rd3 46. f4 f6 47. Rh5 Re3 48. Rh7 Rxe4 49. Rxb7 f5+ 50. Kg5 Re3 51. Rb6 Rg3+ 52. Kh6 Rxa3 53. Rxc6+ Kd5 54. Rc5+ Ke4 55. Kg6 Kxf4 56. Rxf5+ {Accuracy: White = 82%, Black = 85%.} 1/2-1/2

[Event "6th Vardaris Open 2020"]
[Site "Thessaloniki"]
[Date "2020.03.02"]
[Round "7.1"]
[White "Zeng, Chongsheng"]
[Black "Trimitzios, Petros"]
[Result "1-0"]
[WhiteElo "2567"]
[BlackElo "2353"]
[Annotator "TA"]
[PlyCount "75"]
[EventDate "2020.02.27"]
[EventType "swiss"]
[EventCountry "GRE"]
[SourceTitle "playchess.com"]
[Source "ChessBase"]
[SourceQuality "1"]

{[%evp 18,75,36,18,29,35,20,8,18,30,29,3,52,55,55,49,55,54,70,68,61,56,62,64,63,45,81,54,55,81,53,0,51,27,28,30,33,26,100,98,193,190,281,281,348,331,345,345,343,326,410,371,595,585,5614,5606,5706,6532,3533,3202]} 1. c4 Nf6 2. Nc3 c5 3. Nf3 Nc6 4. d4 cxd4 5. Nxd4 g6 6. e4 d6 7. Nc2 Bg7 8. Be2 O-O 9. O-O Be6 10. Rb1 {10.Bd2 is a critical line.} Rc8 {B37: Sicilian: Maroczy Bind with 5...Bg7, sidelines.} 11. b3 a6 12. Bd2 Nd7 {The position is equal.} 13. Nd5 Nc5 14. f3 Nd4 15. Nxd4 Bxd4+ 16. Kh1 {Ba5! is the strong threat.} Bxd5 17. exd5 {[#]} Bf6 $146 ({Predecessor:} 17... Re8 18. b4 Nd7 19. a4 e5 20. dxe6 Rxe6 21. f4 Qe7 22. Bd3 f5 23. Be1 Re8 {1-0 (37) Itkis,B (2436)-Derjabin,I (2391) Alushta 2004}) 18. b4 Nd7 19. Qb3 Re8 20. f4 Bg7 21. Bg4 h5 22. Be2 f5 23. Rbc1 Kh7 24. Be3 ({Better is} 24. Bf3 $14) 24... a5 (24... Nf6 $11) 25. a3 {[%cal Ba2a3,Ba3b4,Bb4c5][%mdl 32]} Nf6 26. Bf3 axb4 27. axb4 Qd7 {[#]} (27... e6 $1 $11 {keeps the balance.}) 28. c5 $1 $16 dxc5 (28... Ne4 $16 {was necessary.}) 29. bxc5 $18 e6 {[#]} (29... Ne4 {might work better.} 30. Bxe4 fxe4) 30. d6 $1 Nd5 31. Bf2 Rb8 32. Bxd5 exd5 33. Qxd5 Re2 34. Rb1 Qa4 $2 (34... Bf6 35. Bg1 Kh6) 35. Bg1 {White is clearly winning.} Bb2 {[#]} 36. Rxb2 $1 {[%mdl 512]} Rxb2 37. Bd4 {Threatening mate with Qf7+.} Qa2 38. Qe5 {Accuracy: White = 92%, Black = 49%.} 1-0

[Event "6th Vardaris Open 2020"]
[Site "Thessaloniki"]
[Date "2020.03.02"]
[Round "7.2"]
[White "Santiago, Yago De Moura"]
[Black "Lu, Shanglei"]
[Result "1/2-1/2"]
[WhiteElo "2488"]
[BlackElo "2615"]
[Annotator "TA"]
[PlyCount "45"]
[EventDate "2020.02.27"]
[EventType "swiss"]
[EventCountry "GRE"]
[SourceTitle "playchess.com"]
[Source "ChessBase"]
[SourceQuality "1"]

{[%evp 19,45,9,9,12,0,0,13,12,18,20,19,6,6,6,0,3,6,6,10,1,8,7,4,0,0,0,4,0]} 1. d4 d5 2. c4 c6 3. Nf3 Nf6 4. e3 e6 5. Nc3 Nbd7 6. Qc2 Bd6 7. b3 O-O 8. Be2 b6 9. Bb2 Bb7 10. O-O Qe7 {The position is equal.} 11. Rae1 {D45: Semi-Slav: 5 e3.} c5 12. cxd5 {[#]} cxd4 $146 ({Predecessor:} 12... exd5 13. Rc1 Rac8 14. Rfd1 Rfe8 15. Qf5 a6 16. dxc5 Nxc5 17. Ng5 g6 18. Qh3 h5 19. Qh4 Nce4 20. Ngxe4 dxe4 21. Na4 Nd5 22. Qxe7 Bxe7 23. Bc4 b5 24. Bxd5 Rxc1 25. Rxc1 Bxd5 {½-½ (25) Halldorsson,J (2472)-Laffranchise,L (2418) ICCF email 2016}) 13. Nxd4 {Strongly threatening Nc6.} Nxd5 14. Nxd5 Bxd5 15. Bf3 Bxf3 16. Nxf3 Rac8 17. Qe2 Nf6 18. Rc1 Qb7 19. Ne5 Rxc1 20. Rxc1 Rc8 {[#] White must now prevent ...Rxc1+.} 21. Qd1 Rxc1 22. Qxc1 Nd7 23. Nxd7 {Not much happened in this game. Accuracy: White = 100%, Black = 100%.} 1/2-1/2